Maloobchodní značky a blízká revoluce Marketingové nástroje
Význam maloobchodných značiek, ich vývoj a výhody. Významné maloobchodné značky vo svete. Perspektívy v Českej republike.
Na minha lista:
| Autor principal: | |
|---|---|
| Formato: | Capítulo de Livro |
| Idioma: | tcheco |
| Assuntos: | |
| Tags: |
Sem tags, seja o primeiro a adicionar uma tag!
|
MARC
| LEADER | 00000naa a2200000 4500 | ||
|---|---|---|---|
| 001 | r021955 | ||
| 005 | 20230911123630.1 | ||
| 041 | 0 | |a cze | |
| 044 | |a CZ | ||
| 245 | 1 | 0 | |a Maloobchodní značky a blízká revoluce |b Marketingové nástroje |c Iveta Horáková |
| 520 | |a Význam maloobchodných značiek, ich vývoj a výhody. Významné maloobchodné značky vo svete. Perspektívy v Českej republike. | ||
| 610 | 2 | 0 | |a značky maloobchodné |
| 610 | 2 | 0 | |a značky výrobné |
| 610 | 2 | 0 | |a maloobchod |
| 610 | 2 | 0 | |a Česko |
| 100 | 1 | |a Horáková, Iveta | |